Průmyslový design odborný časopis pro celostátní rozvoj průmyslového designu

Guardado en:
Detalles Bibliográficos
Formato: Seriadas
Lenguaje:checo
Publicado: Praha Státní nakladatelství technické literatury 1980
Etiquetas: Agregar Etiqueta
Sin Etiquetas, Sea el primero en etiquetar este registro!

MARC

LEADER 00000nas2a2200000 4500
001 s124526
005 20250730114226.4
041 0 |a cze 
044 |a CZ 
245 1 0 |a Průmyslový design  |b odborný časopis pro celostátní rozvoj průmyslového designu 
264 1 |a Praha  |b Státní nakladatelství technické literatury  |c 1980 
300 |a 1 zv. 
773 0 |w eu_un_cat*s120576